Diseño de un sistema de aire acondicionado para las salas de cirugía del Hospital Monseñor Sanabria
Guardado en:
| Hovedforfatter: | |
|---|---|
| Format: | Bog |
| Udgivet: |
San José, C.R
1996
|
| Fag: | |
| Tags: |
Tilføj Tag
Ingen Tags, Vær først til at tagge denne postø!
|
MARC
| LEADER | 00000nam a2200000Ia 4500 | ||
|---|---|---|---|
| 001 | 3555 | ||
| 003 | 008036 | ||
| 005 | 20221231144236.0 | ||
| 008 | 140114s1996 cr a m 000 ||s d | ||
| 040 | |c cru CEDI | ||
| 100 | |a Peralta Gómez, Angel Teófilo |9 9731 | ||
| 245 | |a Diseño de un sistema de aire acondicionado para las salas de cirugía del Hospital Monseñor Sanabria | ||
| 260 | |c 1996 |a San José, C.R | ||
| 300 | |a xiv, [203] hojas : ilustraciones (algunas a color) | ||
| 500 | |a Proyecto de graduación (licenciatura en ingeniería mecánica)--Universidad de Costa Rica. Facultad de Ingeniería. Escuela de Ingeniería Mecánica | ||
| 650 | |x HOSPITAL MONSEÑOR SANABRIA (PUNTARENAS, COSTA RICA) |x AIRE ACONDICIONADO |9 9732 | ||
| 942 | |c TFG | ||
| 999 | |c 18940 |d 18940 | ||
